Alphabet Fast Typing - Statistics

General Stats
  • This quiz has been taken 19 times
  • The average score is 26 of 26
Answer Stats
Hint Answer % Correct
A a
100%
B b
100%
C c
100%
D d
100%
E e
100%
F f
100%
G g
100%
H h
100%
I i
100%
J j
100%
K k
100%
L l
100%
M m
100%
N n
100%
O o
100%
P p
100%
Q q
100%
R r
100%
S s
100%
T t
100%
U u
100%
V v
100%
W w
100%
X x
92%
Y y
92%
Z z
83%
No matching quizzes found
Score Distribution
Percent of People with Each Score
Percentile by Number Answered
Your Score History
You have not taken this quiz